All North American Premier League Players - Statistics

General Stats
  • This quiz has been taken 49 times
  • The average score is 8 of 12
Answer Stats
Club Nation Pos Former Club Answer % Correct
Aston Villa Jamaica ATT Leverkusen Leon Bailey
90%
Fulham Mexico ATT Wolves Raul Jimenez
83%
Bournemouth USA MID Leipzig Tyler Adams
81%
West Ham Mexico MID Ajax Edson Alvarez
79%
Crystal Palace USA GK Nottingham Matt Turner
79%
Fulham USA DEF Wigan Antonee Robinson
74%
West Ham Jamaica ATT Nottingham Michail Antonio
71%
Crystal Palace USA DEF Bayern Chris Richards
69%
Bournemouth Mexico DEF Barcelona Julian Araujo
64%
Leicester City Jamaica ATT Fulham Bobby De Cordova-Reid
55%
Brentford Jamaica DEF Barnsley Ethan Pinnock
48%
Ipswich Town St. Lucia MID Accrington Janoi Donacien
14%
No matching quizzes found
Score Distribution
Percent of People with Each Score
Percentile by Number Answered
Your Score History
You have not taken this quiz